000 002320000a22000970004500
100 1 _aDrew, Roger
245 1 0 _aDesarrollo de redes de gente con VIH/Sida
300 _aNúm 44 (2000), Páginas 3
773 0 _tPaso a paso
942 _cANA
999 _c52538
_d52538